Aktiviti-aktiviti sepanjang pesta sukan kementerian kewangan ke-27 [ 5 - 6 Oktober 2001

Bibliographic Details
Format: Book
Published: Bangi : Inspen , 2001
Subjects:

MARC

LEADER 00000cam a2200000 7i4500
001 0000023289
005 20110722.0
040 |a INS 
090 0 0 |a VCD 748 
245 0 0 |a Aktiviti-aktiviti sepanjang pesta sukan kementerian kewangan ke-27 [  |h cakera video] :   |b 5 - 6 Oktober 2001 
260 |a Bangi :   |b Inspen ,   |c 2001 
300 |a 2 cakera video (123 min.) :   |b by., wrn. ;   |c 4 3/4 in. 
500 |a Juga terdapat dalam format vhs : VHS 911 
650 0 0 |a Sports tournaments 
999 |a VCD0000748   |b VIDEO   |c Media Collection   |e Default branch